Pressure dependence of the order-to-disorder transition in polystyrene/polyisoprene and polystyrene/poly(methylphenylsiloxane)diblock copolymers (Record no. 45511)

MARC details
000 -LEADER
fixed length control field 00669nam a2200241Ia 4500
100 ## - MAIN ENTRY--AUTHOR NAME
Personal name Steinhoff B
245 #0 - TITLE STATEMENT
Title Pressure dependence of the order-to-disorder transition in polystyrene/polyisoprene and polystyrene/poly(methylphenylsiloxane)diblock copolymers
260 ## - PUBLICATION, DISTRIBUTION, ETC. (IMPRINT)
Name of publisher Macromolecules
Year of publication 1998
300 ## - PHYSICAL DESCRIPTION
Number of Pages 36-40
650 ## - SUBJECT ADDED ENTRY--TOPICAL TERM
Topical Term Order-to-disorder transition
700 ## - ADDED ENTRY--PERSONAL NAME
Personal name Alig I
700 ## - ADDED ENTRY--PERSONAL NAME
Personal name Bosecke P
700 ## - ADDED ENTRY--PERSONAL NAME
Personal name Diat O
700 ## - ADDED ENTRY--PERSONAL NAME
Personal name Junker M
700 ## - ADDED ENTRY--PERSONAL NAME
Personal name Meier G
700 ## - ADDED ENTRY--PERSONAL NAME
Personal name Oser
700 ## - ADDED ENTRY--PERSONAL NAME
Personal name Rullmann M
700 ## - ADDED ENTRY--PERSONAL NAME
Personal name Stanley H B
700 ## - ADDED ENTRY--PERSONAL NAME
Personal name Stuhn B
700 ## - ADDED ENTRY--PERSONAL NAME
Personal name Wenzel M
942 ## - ADDED ENTRY ELEMENTS (KOHA)
Koha item type Reprints
700 ## - ADDED ENTRY--PERSONAL NAME
-- R
Holdings
Withdrawn status Lost status Damaged status Not for loan Home library Current library Shelving location Date acquired Serial Enumeration / chronology Accession Number Koha item type
      Reprints RRII Library RRII Library Rubber chemistry 22/12/2021 Volume 31, Issue 1 P01512 Reprints